Optimalizácia výrobného programu vo VD Univerzál v podmienkach trhového mechanizmu záverečná práca postgraduálneho štúdia

Gespeichert in:
Bibliographische Detailangaben
1. Verfasser: Šiška, Július
Körperschaft: Vysoká škola ekonomická v Bratislave
Weitere Verfasser: Mykyta, Milan
Format: Buch
Sprache:Slowakisch
Veröffentlicht: Bratislava 1990
Tags: Tag hinzufügen
Keine Tags, Fügen Sie das erste Tag hinzu!

MARC

LEADER 00000nam a2200000 4500
001 c029196
005 20221215071037.6
041 0 |a slo 
044 |a SK 
245 1 0 |a Optimalizácia výrobného programu vo VD Univerzál v podmienkach trhového mechanizmu  |b záverečná práca postgraduálneho štúdia  |c Július Šiška ; ved. práce Milan Mykyta 
264 1 |a Bratislava  |c 1990 
300 |a 36 s. 
100 1 |a Šiška, Július 
700 1 |a Mykyta, Milan 
710 2 |a Vysoká škola ekonomická v Bratislave